|
|
|
|
| LEADER |
00000nam a22000007a 4500 |
| 005 |
20200724005832.0 |
| 007 |
cr|||| |||| |
| 008 |
200724s2011 br |||||s|||| 00||0 por d |
| 020 |
|
|
|a 978-85-89917-89-6
|
| 035 |
|
|
|a 31896
|
| 040 |
|
|
|a vLex
|
| 090 |
|
|
|c 10715
|d 10715
|
| 100 |
1 |
|
|a Gomes Teixeira, Acyr Maurc̕io
|
| 245 |
1 |
0 |
|a Tutelas de urgn̊cia e prestaȯ̂ jurisdicional
|h [Recurso electrn̤ico] /
|c Acyr Maurc̕io Gomes Teixeira, Caricielli Maisa Longo, Tiago Setti Xavier da Cruz
|
| 256 |
|
|
|a Servicio en ln̕ea
|
| 260 |
|
|
|a San Pablo:
|b Letras Jurídicas Editora,
|c 2011
|
| 300 |
|
|
|a 1 recurso electrn̤ico
|
| 500 |
|
|
|a A presente obra surgiu da integraȯ̂ dos Alunos de Mestrado em Direito da Unitoledo Araȧtuba com r̀ea de concentraȯ̂ "Prestaȯ̂ Jurisdicional no Estado Democrt̀ico de Direito"; e a partir da proposiȯ̂ acertada da Querida Professora Iara Rodrigues Toledo e do md̤ulo "Tutelas de Urgn̊cia" por ela ministrada imbum̕o-nos da missô de conceber uma coletńea de artigos que explanassem sob diversos vieses o tema que intitula o trabalho.
|
| 506 |
1 |
|
|a Disponible solo en los productos indicados
|d vLex Global
|d vLex Global (Academic Edition, excluding Law Schools)
|d vLex Global (U.S. Academic Edition, Law Schools)
|d vLex Global (U.S. Academic Edition, excluding Law Schools)
|d vLex Global (Academic Edition, Law Schools)
|
| 650 |
0 |
4 |
|a Derecho Pb︢lico y Administrativo
|z Brasil
|
| 650 |
0 |
4 |
|a Derecho Procesal
|z Brasil
|
| 700 |
1 |
|
|a Longo, Caricielli Maisa
|
| 700 |
1 |
|
|a Cruz, Tiago Setti Xavier da
|
| 740 |
0 |
|
|a vLex Libros (Servicio en ln̕ea)
|
| 856 |
4 |
0 |
|u http://vlex.com/source/tutelas-de-urg-ncia-e-presta-o-jurisdicional-31896
|z Acceso restringido
|
| 942 |
|
|
|c BOOK
|
| 999 |
0 |
|
|a Public and Administrative Law
|
| 999 |
0 |
|
|a Procedural Law
|